ضجه ضجه / (رقم التسجيلة. 58962)
[ عرض عادي ]
| 000 -LEADER | |
|---|---|
| fixed length control field | 00657nam a22002057a 4500 |
| 005 - DATE AND TIME OF LATEST TRANSACTION | |
| control field | 20251108171206.0 |
| 008 - FIXED-LENGTH DATA ELEMENTS--GENERAL INFORMATION | |
| fixed length control field | 250721s2000 xx 000 0 ara d |
| 082 14 - DEWEY DECIMAL CLASSIFICATION NUMBER | |
| Classification number | ط/ق/خول |
| 100 1# - MAIN ENTRY--PERSONAL NAME | |
| Personal name | راتب، نيفين |
| 245 10 - TITLE STATEMENT | |
| Title | ضجه ضجه / |
| 264 1# - PRODUCTION, PUBLICATION, DISTRIBUTION, MANUFACTURE, AND COPYRIGHT NOTICE | |
| Place of production, publication, distribution, manufacture | بيروت : |
| Name of producer, publisher, distributor, manufacturer | دار أصالة للنشر و التوزيع، |
| Date of production, publication, distribution, manufacture, or copyright notice | 2000. |
| 490 0# - SERIES STATEMENT | |
| Series statement | كلمة كلمة ؛5 |
| 650 17 - SUBJECT ADDED ENTRY--TOPICAL TERM | |
| Topical term or geographic name as entry element | أدب الأطفال |
| 650 17 - SUBJECT ADDED ENTRY--TOPICAL TERM | |
| Topical term or geographic name as entry element | القصص العربية |
| 653 ## - INDEX TERM--UNCONTROLLED | |
| Uncontrolled term | اطفال ما قبل المدرسه (0-5) سنوات |
| 700 1# - ADDED ENTRY--PERSONAL NAME | |
| Personal name | السيد، شريف |
| Relator term | رسم |
| 700 1# - ADDED ENTRY--PERSONAL NAME | |
| Personal name | الخولي، نادية |
| Relator term | مؤلف |
| 942 ## - ADDED ENTRY ELEMENTS (KOHA) | |
| Source of classification or shelving scheme | Dewey Decimal Classification |
| Koha item type | كتب |
| حالة السحب | حالة الفقدان | مصدر التصنيف | حالة التلف | غير قابل للإعارة | المكتبة الرئيسية | المكتبة الحالية | موقع الرف | تاريخ التزويد | الرقم المتسلسل | Total Checkouts | رقم الإستدعاء | تاريخ آخر ظهور | تاريخ الفاتورة | نوع المادة (كوها) | الباركود |
|---|---|---|---|---|---|---|---|---|---|---|---|---|---|---|---|
| Dewey Decimal Classification | Unchecked | مكتبة الجويدة | مكتبة الجويدة | الأطفال | 28/07/2025 | 498829 | ط/ق/خول | 28/07/2025 | 28/07/2025 | كتب | |||||
| Dewey Decimal Classification | مكتبة الراية الهاشمية للأطفال | مكتبة الراية الهاشمية للأطفال | الأطفال | 07/10/2015 | ط/ق/خول | 28/07/2025 | 07/10/2015 | كتب | PLD00352603 | ||||||
| Dewey Decimal Classification | مكتبة النصر العامة | مكتبة النصر العامة | الأطفال | 06/07/2004 | 498836 | ط/ق/خول | 28/07/2025 | 06/07/2004 | كتب | 498836 | |||||
| Dewey Decimal Classification | مكتبة بدر الجديدة للأطفال | مكتبة بدر الجديدة للأطفال | الأطفال | 05/08/2015 | 498845 | ط/ق/خول | 28/07/2025 | 05/08/2015 | كتب | PLD00340808 | |||||
| Dewey Decimal Classification | Unchecked | مكتبة حمزة العامة | مكتبة حمزة العامة | الأطفال | 06/07/2004 | 498831 | ط/ق/خول | 28/07/2025 | 06/07/2004 | كتب | |||||
| Dewey Decimal Classification | مكتبة وادي السير العامة | مكتبة وادي السير العامة | الأطفال | 16/08/2008 | 498835 | ط/ق/خول | 28/07/2025 | 16/08/2008 | كتب | PLD00034651 | |||||
| Dewey Decimal Classification | مكتبةمؤتة | مكتبةمؤتة | الأطفال | 26/06/2014 | 498834 | ط/ق/خول | 28/07/2025 | 26/06/2014 | كتب | PLD00331022 |